Datum a čas kvízu
33.5
Celkem bodů
Celkový počet nahraných bodů na tomto kvízu bez doplňovacích otázek.
4.
Pořadí na kvízu
Konečné umístění týmu na tomto kvízu.
Zaznamenané odpovědi
| # | Otázka | Odpověď | Body | Výsledky |
|---|---|---|---|---|
| 1. | Ve středu ve 12 hodin jsme se... | zkouška sirén | 1 | |
| 2. | Pouze pět států na středečním... | Severní Korea (KLDR) | 0 | |
| 3. | Kolik sošek Českého lva získal... | osm ocenění (sedm či devět za půl bodu) | 1 | |
| 4. | Jak se jmenuje muž na fotograf... | Tomáš Čupr | 1 | |
| 5. | V hokejové soutěži AHL 21letý... | je to brankář (gól vstřelil přes celé kluziště) | 1 | |
| 6. | Detektiv Sherlock Holmes z per... | D | 1 | |
| 7. | Belgický spisovatel Georges Si... | Jules Maigret [žyl megré] | 1 | |
| 8. | J. K. Rowlingová píše detektiv... | B) má amputovanou nohu | 0 | |
| 9. | Přiřaďte následující spisovate... | 1A 2C 3D 4B | 0 | |
| 10. | Seriál Devadesátky se setkal s... | C) Ivan Pauřík | 1 |